000 00322nam a2200133Ia 4500
008 150201s2005 xx 000 0 und d
082 _a616.01
_bM05I
100 _aIRVING,WILLIAM
245 _aMEDICAL MICROBIOLOGY
250 _a1ST
260 _bTAYLORA FRANCIS
_aDELHI
_c2005
650 _aMICROBIOLOGY
942 _2ddc
_cBK
_04
999 _c944
_d944